| 000 | 00724na a2200217 4500 | ||
|---|---|---|---|
| 001 | 19272 | ||
| 003 | MIRAKIL | ||
| 005 | 20181213155059.0 | ||
| 008 | 161212b tu 000 0 | ||
| 040 |
_aMilas _btur _cTR-AnCHP |
||
| 041 | _atur | ||
| 082 |
_a378.16 _bİ45 2001 |
||
| 090 | _a378.16 İ45 2001 | ||
| 245 |
_a2000 yükseköğretim öğrenci kontenjanları _cÖğrenci Seçme ve Yerleştirme Merkezi |
||
| 260 |
_aAnkara _bÖğrenci Seçme ve Yerleştirme Merkezi _c2001 |
||
| 300 |
_axvii, 405 s. _btbl.; _c28 sm. |
||
| 490 |
_aÖSYM yayınları _v2001-1 |
||
| 650 |
_aYükseköğretim _d2000 _xÖğrenci yerleştirme _yKlavuzlar |
||
| 710 | _aÖğrenci Seçme ve Yerleştirme Merkezi (ÖSYM) | ||
| 942 |
_2ddc _cBKS |
||
| 999 |
_c6191 _d6191 |
||